Statistics for Connecticut Towns in Alphabetical Order

Click here to take the quiz!

General Stats

  • This quiz has been taken 23 times
  • The average score is 105 of 169

Answer Stats

First LetterAnswer% Correct
AAshford
100%
AAvon
100%
AAndover
92%
AAnsonia
75%
BBranford
75%
BBridgeport
75%
DDanbury
75%
FFairfield
75%
GGroton
75%
HHartford
75%
KKillingly
75%
KKillingworth
75%
NNew Britain
75%
NNew Haven
75%
NNewington
75%
NNew London
75%
NNew Milford
75%
NNewtown
75%
OOrange
75%
RRidgefield
75%
SSimsbury
75%
SSouthbury
75%
TTorrington
75%
UUnion
75%
VVernon
75%
WWaterbury
75%
WWest Hartford
75%
WWilton
75%
BBarkhamsted
67%
BBethel
67%
BBethlehem
67%
BBristol
67%
BBrookfield
67%
BBrooklyn
67%
BBurlington
67%
CCanterbury
67%
CCheshire
67%
CCoventry
67%
DDarien
67%
DDurham
67%
EEast Haddam
67%
EEast Hampton
67%
EEast Hartford
67%
EEast Haven
67%
EEaston
67%
EEllington
67%
EEssex
67%
FFarmington
67%
GGoshen
67%
GGuilford
67%
HHaddam
67%
LLitchfield
67%
MMansfield
67%
MMiddlebury
67%
MMiddlefield
67%
MMiddletown
67%
MMilford
67%
MMonroe
67%
NNaugatuck
67%
NNew Canaan
67%
NNew Fairfield
67%
NNew Hartford
67%
PPutnam
67%
RRedding
67%
RRoxbury
67%
SSomers
67%
SSouthington
67%
SSouth Windsor
67%
SStafford
67%
SStamford
67%
VVoluntown
67%
WWallingford
67%
WWaterford
67%
WWatertown
67%
WWest Haven
67%
WWeston
67%
WWestport
67%
WWindsor
67%
WWolcott
67%
WWoodbury
67%
WWoodstock
67%
BBerlin
58%
BBethany
58%
BBozrah
58%
BBridgewater
58%
CCanaan
58%
CChester
58%
CColebrook
58%
CColumbia
58%
CCornwall
58%
CCromwell
58%
DDerby
58%
EEastford
58%
EEast Granby
58%
EEast Lyme
58%
EEast Windsor
58%
FFranklin
58%
GGranby
58%
GGreenwich
58%
HHampton
58%
HHartland
58%
HHarwinton
58%
HHebron
58%
KKent
58%
LLebanon
58%
LLedyard
58%
LLyme
58%
MMadison
58%
MManchester
58%
MMarlborough
58%
MMeriden
58%
MMontville
58%
NNorth Branford
58%
NNorth Haven
58%
NNorwalk
58%
NNorwich
58%
OOld Saybrook
58%
OOxford
58%
PPlymouth
58%
PPomfret
58%
PPortland
58%
PPreston
58%
PProspect
58%
RRocky Hill
58%
SSalem
58%
SSalisbury
58%
SSharon
58%
SSherman
58%
SSprague
58%
SSterling
58%
SSuffield
58%
TThomaston
58%
TThompson
58%
TTolland
58%
TTrumbull
58%
WWarren
58%
WWillington
58%
WWindham
58%
WWindsor Locks
58%
WWoodbridge
58%
BBeacon Falls
50%
BBloomfield
50%
BBolton
50%
CCanton
50%
CChaplin
50%
CClinton
50%
CColchester
50%
DDeep River
50%
EEnfield
50%
GGlastonbury
50%
GGriswold
50%
HHamden
50%
MMorris
50%
NNorth Stonington
50%
OOld Lyme
50%
PPlainfield
50%
PPlainville
50%
SScotland
50%
SSeymour
50%
SShelton
50%
SStratford
50%
WWashington
50%
LLisbon
42%
NNorfolk
42%
NNorth Canaan
42%
SStonington
42%
WWestbrook
42%
WWethersfield
42%
WWinchester
42%

Score Distribution

Percentile by Number Answered

Percent of People with Each Score

Your Score History

You have not taken this quiz